Подробности
| 000 -МАРКЕР |
| контрольное поле |
02599nam0a2200349 4500 |
| 001 - ИДЕНТИФИКАТОР ЗАПИСИ |
| контрольное поле |
RU\NLR\BIBL_A\012675226 |
| 005 - ИДЕНТИФИКАТОР ВЕРСИИ |
| контрольное поле |
20220418154808.0 |
| 010 ## - МЕЖДУНАРОДНЫЙ СТАНДАРТНЫЙ НОМЕР КНИГИ (ISBN) |
| Номер (ISBN) |
978-5-907284-15-9 |
| Тираж |
100 |
| 021 ## - НОМЕР ГОСУДАРСТВЕННОЙ РЕГИСТРАЦИИ |
| Код страны |
Российская Федерация |
| Номер |
КН-П-21-057904 |
| Номер Листа государственной регистраци |
КН-П-21-4517 |
| 035 ## - ДРУГИЕ СИСТЕМНЫЕ НОМЕРА |
| Идентификатор записи |
(NLR Aleph) 012675226 |
| 100 ## - ДАННЫЕ ОБЩЕЙ ОБРАБОТКИ |
| Данные общей обработки |
20211223d2021 um y0rusy50 ca |
| 101 0# - ЯЗЫК РЕСУРСА |
| Язык текста, звукозаписи и т.д. |
русский |
| 102 ## - СТРАНА ПУБЛИКАЦИИ ИЛИ ПРОИЗВОДСТВА |
| Страна публикации |
Российская Федерация |
| 105 ## - ПОЛЕ КОДИРОВАННЫХ ДАННЫХ: ТЕКСТОВЫЕ МАТЕРИАЛЫ, МОНОГРАФИЧЕСКИЕ |
| Кодированные данные о монографическом текстовом документе |
a|||j||||||z| |
| 181 #0 - ПОЛЕ КОДИРОВАННЫХ ДАННЫХ: ВИД СОДЕРЖАНИЯ |
| Код вида содержания (ISBD) |
i3 |
| Код характеристики содержания (ISBD) |
axxe |
| 182 #0 - ПОЛЕ КОДИРОВАННЫХ ДАННЫХ: ТИП СРЕДСТВА |
| Код типа средства (ISBD) |
n - непосредственное |
| 200 1# - ЗАГЛАВИЕ И СВЕДЕНИЯ ОБ ОТВЕТСТВЕННОСТИ |
| Основное заглавие |
Рекомендации для воспитателей, работающих в группах комбинированной направленности с детьми с нарушениями зрения |
| Сведения, относящиеся к заглавию |
учебно-практическое пособие |
| -- |
для студентов, обучающихся по направлению подготовки Специальное (дефектологическое) образование, направленность (профиль) "Дошкольная дефектология", "Специальная психология", "Олигофренопедагогика", "Логопедия" |
| Первые сведения об ответственности |
Е.В. Андрющенко, В.С. Васильева, И.А. Шелудько |
| Последующие сведения об ответственности |
Министерство просвещения Российской Федерации, Федеральное государственное бюджетное образовательное учреждение высшего образования "Южно-Уральский государственный гуманитарно-педагогический университет" |
| 203 ## - ВИД СОДЕРЖАНИЯ И ТИП СРЕДСТВА |
| Вид содержания |
Текст |
| Дополнительные сведения об издании |
визуальный |
| Тип средства |
непосредственный |
| 210 ## - ПУБЛИКАЦИЯ, РАСПРОСТРАНЕНИЕ И ДР. |
| Место издания, распространения и т.д. |
Челябинск |
| Имя издателя, распространителя и т. д. |
Изд-во Южно-Урал. гос. гуман.-пед. ун-та |
| Дата издания, распространения и т.д. |
2021 |
| 215 ## - ФИЗИЧЕСКАЯ ХАРАКТЕРИСТИКА |
| Специфическое обозначение материала и объем |
78 с. |
| Другие сведения о физической характеристике |
ил. |
| Размеры |
20 см. |
| 300 ## - ОБЩИЕ ПРИМЕЧАНИЯ |
| Текст примечания |
В вып. дан. авт.: И.А. Шелудько, В.С. Васильева, Е.В. Андрющенко |
| 320 ## - ПРИМЕЧАНИЯ О НАЛИЧИИ В ДОКУМЕНТЕ БИБЛИОГРАФИИ / УКАЗАТЕЛЯ |
| Текст примечания |
Библиогр.: с. 70-78 и в тексте |
| 606 1# - НАИМЕНОВАНИЕ ТЕМЫ КАК ПРЕДМЕТ |
| Наименование темы |
Дети с нарушением зрения |
| Тематический подзаголовок |
Воспитание и обучение |
| Формальный подзаголовок |
Учебные издания |
| Код системы |
nlr_sh1 |
| -- |
nlr_sh2 |
| Идентификатор авторитетной/нормативной записи |
RU\NLR\AUTH\661376688 |
| 686 1# - ИНДЕКСЫ ДРУГИХ КЛАССИФИКАЦИЙ |
| Индекс |
Ч433.1я7 |
| 700 #1 - ИМЯ ЛИЦА - ПЕРВИЧНАЯ ОТВЕТСТВЕННОСТЬ |
| Начальный элемент ввода |
Андрющенко |
| Часть имени, кроме начального элемента ввода |
Е. В. |
| Расширение инициалов личного имени |
Елена Валерьевна |
| 701 #1 - ИМЯ ЛИЦА - АЛЬТЕРНАТИВНАЯ ОТВЕТСТВЕННОСТЬ |
| Начальный элемент ввода |
Васильева |
| Часть имени, кроме начального элемента ввода |
В. С. |
| Дополнения к именам, кроме дат |
канд. пед. наук |
| Расширение инициалов личного имени |
Виктория Сергеевна |
| Идентификатор авторитетной/нормативной записи |
RU\NLR\AUTH\770155772 |
| 701 #1 - ИМЯ ЛИЦА - АЛЬТЕРНАТИВНАЯ ОТВЕТСТВЕННОСТЬ |
| Начальный элемент ввода |
Шелудько |
| Часть имени, кроме начального элемента ввода |
И. А. |
| Расширение инициалов личного имени |
Ирина Андреевна |
| 942 ## - ДОПОЛНИТЕЛЬНЫЕ ЭЛЕМЕНТЫ ЗАПИСИ (АБИС) |
| Тип экземпляра АБИС |
Книга |
| 980 ## - КОЛЛЕКЦИЯ |
| Название коллекции |
Национальная библиография |